| 000 | 00474nam a2200193Ia 4500 | ||
|---|---|---|---|
| 003 | 0100 | ||
| 008 | 130303s9999 xx 000 0 und d | ||
| 040 | _cARRUPELIB | ||
| 050 | _aQ335.A731985 | ||
| 100 | _aArbib, Michael A | ||
| 245 | _aIn search of the person | ||
| 245 | _bPhilosophical explorations in cognitive science | ||
| 260 | _aAmherst MA | ||
| 260 | _bUniv. of MA Pr. | ||
| 260 | _C1985 | ||
| 300 | _a156p | ||
| 650 | _bMarx, Karl, 1818-1883 | ||
| 942 | 0 | 0 | _01 |
| 999 |
_c23403 _d23403 |
||